000 00939cab a2200217 4500
001 L136392
008 070130n2006 000 0 eng u
035 _a(Sirsi) u136392
041 0 _aeng
100 1 _aBall, Tom
245 0 4 _aThe Scottish strategic environmental assessment toolkit
260 _c2006
490 0 0 _aScottish Planning and Environmental Law
_v118 December 2006, 125-126(2)
520 _aLooks at the Environmental Assessment (Scotland) Act 2005 and argues that the Scottish strategic environmental assessment toolkit will provide a welcome aid to responsible authorities coping with the complex new regime.
650 2 4 _aENVIRONMENTAL ASSESSMENT (SCOTLAND) ACT 2005
650 2 4 _aDIRECTIVE 2001/42/EC
650 2 4 _aSCOTTISH STRATEGIC ENVIRONMENTAL ASSESSMENT TOOLKIT
651 4 _aScotland
_y1999-
690 _aENVIRONMENTAL AND LAND CONSULTANCY-ENVIRONMENTAL MANAGEMENT-ENVIRONMENTAL ASSESSMENT
942 _n0
999 _c78267
_d78267